The NPT and the developing countries / (Record no. 27916)

MARC details
000 -LEADER
fixed length control field 01189nam a22003017a 4500
005 - DATE AND TIME OF LATEST TRANSACTION
control field 20090626134742.0
008 - FIXED-LENGTH DATA ELEMENTS--GENERAL INFORMATION
fixed length control field 090626t xxu||||| |||| 00| 0 eng d
010 ## - LCCN (DPL NO)
LC control number ENG-94253
020 ## - INTERNATIONAL STANDARD BOOK NUMBER
International Standard Book Number 9788180695377
Terms of availability 650.00
020 ## - INTERNATIONAL STANDARD BOOK NUMBER
International Standard Book Number 8180695377
Terms of availability 650.00
035 ## - SYSTEM CONTROL NUMBER
System control number EN-77786
037 ## - SOURCE OF ACQUISITION
Source of stock number/acquisition DBAD / PUB
040 ## - CATALOGING SOURCE
Original cataloging agency dpl
Language of cataloging English
082 ## - DEWEY DECIMAL CLASSIFICATION NUMBER
Classification number 327.1747095
100 ## - MAIN ENTRY--PERSONAL NAME
Personal name Mishra, Jita
245 ## - TITLE STATEMENT
Title The NPT and the developing countries /
Statement of responsibility, etc by Jita Mishra
260 ## - PUBLICATION, DISTRIBUTION, ETC. (IMPRINT)
Place of publication, distribution, etc New Delhi
Name of publisher, distributor, etc Concept Publishing
Date of publication, distribution, etc 2008
270 ## - ADDRESS
Address A/15-16, Commercial Block, Mohan Garden,
City New Delhi
Postal code 110059
300 ## - PHYSICAL DESCRIPTION
Extent xiii, 242p.
Dimensions 23cm(Hb)
500 ## - GENERAL NOTE
General note Includes bibliographical references and index
650 ## - SUBJECT ADDED ENTRY--TOPICAL TERM
Topical term or geographic name as entry element Treaty on the Non-proliferation of Nuclear Weapons. (1968).
650 ## - SUBJECT ADDED ENTRY--TOPICAL TERM
Topical term or geographic name as entry element Nuclear non-proliferation
650 ## - SUBJECT ADDED ENTRY--TOPICAL TERM
Topical term or geographic name as entry element Nuclear weapons
General subdivision Government policy
Geographic subdivision Asia
650 ## - SUBJECT ADDED ENTRY--TOPICAL TERM
Topical term or geographic name as entry element Security, International
Geographic subdivision Asia
651 ## - SUBJECT ADDED ENTRY--GEOGRAPHIC NAME
Geographic name Asia
General subdivision Foreign relations
942 ## - ADDED ENTRY ELEMENTS (KOHA)
Source of classification or shelving scheme Dewey Decimal Classification
Item type English Books
Call number suffix MIS
Classification part 327.1747095
Holdings
Withdrawn status Lost status Source of classification or shelving scheme Damaged status Not for loan Collection code Home library Current library Date acquired Source of acquisition Cost, normal purchase price Total Checkouts Full call number Barcode Date last seen Copy number Cost, replacement price Koha item type
    Dewey Decimal Classification   Not For Loan Non-fiction D.B.Act.Division D.B.Act.Division 26/06/2009 DBAD / PUB 650.00   327.1747095 MIS EN-77786 26/06/2009 1 650.00 English Books

© Delhi Public Library
Hit Counter
free hit counter